Statistics for Opel Models 1960-2018

Click here to take the quiz!

General Stats

  • This quiz has been taken 51 times
  • The average score is 15 of 38

Answer Stats

Model% Correct
Astra
97%
Corsa
95%
Kadett
72%
Vectra
72%
Insignia
67%
Zafira
64%
Adam
59%
Manta
59%
Omega
56%
Mokka X
51%
Ascona
46%
Vivaro
44%
Agila
41%
Meriva
41%
Tigra
41%
Combo
36%
GT
36%
Calibra
31%
Karl
31%
Monza
31%
Rekord
31%
Senator
31%
Sintra
31%
Antara
28%
Commodore
28%
Crossland X
28%
Movano
28%
Speedster
28%
Frontera
26%
Grandland X
26%
Kapitän
26%
Admiral
23%
Cascada
23%
Diplomat
23%
Olympia
23%
Signum
21%
Monterey
10%
Arena
5%

Score Distribution

Percentile by Number Answered

Percent of People with Each Score

Your Score History

You have not taken this quiz